| 000 | 00813nam a22002417a 4500 | ||
|---|---|---|---|
| 999 |
_c15697 _d15697 |
||
| 005 | 20220117143107.0 | ||
| 041 | _aeng | ||
| 043 | _aa-ph--- | ||
| 050 | 1 | 0 |
_aHQ1075 _b.B419 2018 |
| 100 | _aBeltran, Ma. Victoria D. | ||
| 245 | _aFactor analysis of gender issues and responsiveness of public | ||
| 260 | _cFebruary 2018 | ||
| 300 |
_a157 leaves : _billustrations ; _c28 cm |
||
| 336 |
_2rda content _atext |
||
| 337 |
_2rda media _aunmediated |
||
| 338 |
_2rda carrier _avolume |
||
| 502 |
_aThesis _bDoctor of Philosophy major in Educational Management _cUniversity of Rizal System-Morong _d2018 |
||
| 650 | 0 | _aGender identity--Research. | |
| 650 | 0 | _aSex role--Research. | |
| 650 | 0 | _aPublic secondary schools--Division of Rizal. | |
| 700 |
_aMasinsin, Wilhelmina P. _edegree supervisor |
||
| 942 |
_2lcc _cT |
||